List of Microsoft Windows Versions - Statistics

General Stats
  • This quiz has been taken 295 times
    195 since last reset
  • The average score is 12 of 27
Answer Stats
Release Year Version % Correct
2015 Windows 10
99%
2009 Windows 7
87%
2012 Windows 8
86%
2001 Windows XP
85%
1995 Windows 95
82%
1998 Windows 98
82%
2007 Windows Vista
82%
2000 Windows 2000
74%
2013 Windows 8.1
62%
2021 Windows 11
60%
2000 Windows ME
60%
1992 Windows 3.1
55%
1990 Windows 3.0
45%
1996 Windows NT 4.0
34%
1993 Windows 3.2
26%
1985 Windows 1.01
25%
1986 Windows 1.02
19%
1993 Windows NT 3.1
19%
1994 Windows NT 3.5
19%
1986 Windows 1.03
18%
1987 Windows 1.04
18%
1993 Windows for Workgroups 3.11
13%
1987 Windows 2.03
10%
1989 Windows 2.11
10%
1995 Windows NT 3.51
8%
1988 Windows 2.10
5%
2005 Windows XP Professional x64
1%
No matching quizzes found
Score Distribution
Percent of People with Each Score
Percentile by Number Answered
Your Score History
You have not taken this quiz since the last reset